| 000 | 00382nam a22001217a 4500 | ||
|---|---|---|---|
| 005 | 20260629114920.0 | ||
| 100 |
_aKomal Umrani _a19-MSIT-11 _aSupervisor - Dr . Rafia Naz Memon _91020 |
||
| 245 | _aThe Effect of Refactoring on Software Quality (Thesis MS) | ||
| 260 |
_aNawabshah _bQUEST _c2024 |
||
| 300 | _a76p. | ||
| 700 |
_aDepartment of Information Technology _9954 |
||
| 942 | _cTHESIS | ||
| 999 |
_c69078 _d69075 |
||